La aplicación penal más benigna y los delitos de lesa humanidad (Registro nro. 31354)

Detalles MARC
000 -LEADER
fixed length control field 00348 a2200109 4500
001 - CONTROL NUMBER
control field ART_44638
005 - DATE AND TIME OF LATEST TRANSACTION
control field 20260410162002.0
008 - FIXED-LENGTH DATA ELEMENTS--GENERAL INFORMATION
fixed length control field 260409a
100 1# - MAIN ENTRY--PERSONAL NAME
Personal name Badeni, Gregorio
245 10 - TITLE STATEMENT
Title La aplicación penal más benigna y los delitos de lesa humanidad
773 0# - HOST ITEM ENTRY
Title Pensar en derecho
Related parts - Año 5, Nº 10 (oct. 2017)
Record control number REV28996

No hay ítems disponibles.